1873 1483 1862 1935 1783 1184 1605 1900 1900 1372 1045 1299 1415 1834 1640 1151 1797 1016 1295 1724 1264 1986 1673 1402 1351 1221 1985 1238 1676 1743 1473 1828 1528 1930 1795 1901 1561 1930 1772 1807 1105 1521 1549 1489 1832 1540 1125 1576 1212 1476 1158 1066 1263 1953 1327 1159 1787 1522 1440 1561 1243 1577 1469 1021 1658 1689 1875 1535 1752 1173 1247 1511 1013 1370 1044 1725 1031 1655 1455 1181 1173 1929 1626 1185 1952 1455 1692 1233 1999 1159 1533 1330 1186 1065 1661 1754 1117 1882 1145 BCNSPRNW ULIB Ver.6.0+V

เปลี่ยนเป็นภาษาไทย

Change to English
 แสดงรายละเอียดบรรณานุกรม
  กลับหน้าหลัก

Brief Record : Get Marc (ISO 2709) : E-mail record : QR code < ปิดหน้าต่าง
LEADER : 00000nam 2200000uu 4500
001    13399121506
003     ULIB
008    121122s2554||||th 000 0 tha d
099    วจ.WS103^bศ486ก
100 0  ศิริวรรณ ใบตระกูล และวลัยลักษณ์ ขันทา
245 00 การพัฒนาแบบประเมินพัฒนาการเด็ก JP=^n Developing the JP child development assessment tools^cศิริวรรณ ใบตระกูล และวลัยลักษณ์ ขันทา
246 0  Developing the JP child development assessment tools
260    ลำปาง:^bวิทยาลัยพยาบาลบรมราชชนนี นครลำปาง,^c2554
300    48 แผ่น
650  4 พัฒนาการเด็ก^xวิจัย
650  7 JP child development assessment tools^xวิจัย
650  7 แบบประเมินพัฒนาการเด็ก JP
700 0  วลัยลักษณ์ ขันทา
945    ^p0^l0^i033127
995    เกษร
999    ^aใช้งานได้ทุกระบบ
รายการนี้ยังไม่มีแท็ก
คุณยังไม่ได้ล็อกอิน คุณสามารถมีกิจกรรมร่วมกับเว็บไซต์ได้ แต่ต้องล็อกอินก่อน ::
  ล็อกอิน

รายการสื่อสารสนเทศ

ลำดับที่ ประเภท เลขเรียก/บาร์โค้ด สถานที่ สถานะ
1. งานวิจัย
งานวิจัย
วจ.WS103 ศ486ก  
  Barcode: 033127
ห้องสมุดวิทยาเขตสวรรค์ประชารักษ์
►วิจัย
บนชั้น

BibComment


ยังไม่เคยถูกคอมเมนท์

คอมเมนท์ทรัพยากรรายการนี้
  คอมเมนท์: การพัฒนาแบบประเมิ..


 Copyright 2026. Bcnsprnw @Library